Países que fazem fronteira com: Quênia#20 - Statistics

Estatísticas Gerais
  • Esse quiz foi jogado 53 vezes
  • A pontuação média é 4 de 5
Estatísticas das Respostas
País % Correto
Etiópia
94%
Somália
90%
Tanzânia
90%
Uganda
83%
Sudão do Sul
81%
Nenhum quiz correspondente encontrado
Distribuição das Pontuações
Porcentagem de Pessoas com Cada Pontuação
Percentil de Números Respondidos
Sua Pontuação Histórica
Você não jogou esse quiz